000 02490nam0a2200385 4500
001 RU\NLR\BIBL_A\022635714
005 20260420054331.0
010 _a978-5-9704-9533-9
_9700
021 _aRU
_bКН-П-25-048724
_9КН-П-25-4714
035 _a(NLR Aleph) 022635714
090 _a13685039
_c13685039
100 _a20251003d2026 u y0rusy50 ca
101 0 _arus
102 _aRU
105 _aa j 000yy
181 0 _ai3
_baxxe
182 0 _an
200 1 _aКлиническая ревматология
_eучебное пособие для использования в учебном процессе образовательных организаций, реализующих программы высшего образования по специальностям 31.05.01 "Лечебное дело", 31.05.02 "Педиатрия"
_fУсанова Анна Александровна - доктор медицинских наук, профессор, Радайкина Ольга Георгиевна - кандидат медицинских наук, доцент, Антипова Валентина Николаевна - кандидат медицинских наук, доцент [и др.]
_gпод редакцией профессора А. А. Усановой
_gМинистерство образования и науки РФ
203 _aТекст
_bвизуальный
_cнепосредственный
210 _aМосква
_cГЭОТАР-Медиа
_d2026 (печ. 2025)
215 _a417 с., [6] л. цв. ил.
_cил., табл.
_d22
225 1 _aУчебное пособие
300 _aАвт. указаны на обороте тит. с.
320 _aБиблиогр.: с. 372 (15 назв.)
606 1 _aКлиническая ревматология
_jУчебные издания для высших учебных заведений
_91656061
_3RU\NLR\AUTH\66733293
686 1 _aР55я73
701 1 _aУсанова
_bА. А.
_gАнна Александровна
701 1 _aРадайкина
_bО. Г.
_gОльга Георгиевна
701 1 _aАнтипова
_bВ. Н.
_gВалентина Николаевна
712 0 1 _4570
_aРоссийская Федерация
_bМинистерство образования и науки
_9612498
_3RU\NLR\AUTH\8810055913
942 _cBOOK
980 _aNB